| 000 | 01248nam a2200289Ia 4500 | ||
|---|---|---|---|
| 001 | Z_6624 | ||
| 008 | 220601s9999 xx 000 0 und d | ||
| 020 | _a978-607-15-0270-4 | ||
| 082 | _a519.2 S65 2010 | ||
| 100 |
_aSpiegel, Murray R. _9109217 |
||
| 245 | _aProbabilidad y estadística / Murray R. Spiegel ... [et al]; revisión técnica Raúl Gómez Castillo y Hever Honorato Cervantes; traducción María del Carmen Enriqueta Hano Roa y Gabriel Nagore Cázares | ||
| 250 | _a3a ed. | ||
| 260 | _aMéxico : McGraw-Hill | ||
| 300 | _a425 p. | ||
| 440 |
_aSchaum _9102914 |
||
| 500 | _aTraducción de la obra en ingléa: Schaum´s outline of theory and problems of probability and statistics | ||
| 503 | _aej.1: consumo \ ej.2: consumo \ ej.3: consumo | ||
| 650 | _a1. Probabilidad -- Problemas, ejercicios, etc. | ||
| 650 | _aProbabilidad -- Estudio y enseñanza | ||
| 650 |
_aEstadística matemática _938261 |
||
| 700 |
_aGómez Castillo, Raúl, rev. \ Honorato Cervantes, Hever, rev. \ Hano Roa, María del Carmen Enriqueta, tr. \ Nagore Cázares, Gabriel, tr.Ì _9184042 |
||
| 901 | _a519.2 S65 2010 | ||
| 902 | _aA | ||
| 905 | _a523227 2010 mx mnt 8221113311spa16 | ||
| 942 | _c1 | ||
| 999 |
_c217154 _d217154 |
||